[Event "BCF-chT4 1516 (4NCL)"]
[Site "England"]
[Date "2015.11.14"]
[Round "1.99"]
[White "Ng, Han"]
[Black "Ross, Stuart"]
[Result "1/2-1/2"]
[WhiteElo "1785"]
[BlackElo "1652"]
[PlyCount "110"]
[EventDate "2015.11.14"]
[EventType "team-swiss"]
[EventRounds "11"]
[EventCountry "ENG"]
[SourceTitle "EXT 2017"]
[Source "ChessBase"]
[SourceDate "2016.10.25"]
[SourceVersion "1"]
[SourceVersionDate "2016.10.25"]
[SourceQuality "1"]
[WhiteTeam "Hackney II"]
[BlackTeam "Shropshire III"]
[WhiteTeamCountry "ENG"]
[BlackTeamCountry "ENG"]

1. d4 Nf6 2. c4 g6 3. Nc3 Bg7 4. e4 d6 5. Nf3 0-0 6. h3 e5 7. d5 Nh5 8. g4 Nf4 9. Bxf4 exf4 10. Qd2 g5 11. 0-0-0 Nd7 12. Be2 Ne5 13. Nd4 Ng6 14. Nf3 Bd7 15. Rdg1 Qf6 16. e5 Nxe5 17. Ne4 Qg6 18. Nexg5 h6 19. Nxe5 dxe5 20. Nf3 e4 21. Nh4 Qf6 22. Nf5 Bxf5 23. gxf5 Qxf5 24. Qd4 f6 25. Bg4 Qe5 26. Be6+ Kh8 27. Qxe5 fxe5 28. Re1 e3 29. fxe3 e4 30. exf4 Rxf4 31. Re2 Raf8 32. Rhe1 e3 33. b3 Bc3 34. Rd1 Bd2+ 35. Kc2 Rf1 36. Rxf1 Rxf1 37. Kd3 Ra1 38. Rg2 Rxa2 39. c5 Ra1 40. d6 cxd6 41. cxd6 Ra6 42. d7 Rd6+ 43. Ke4 Ba5 44. Bf5 Rd2 45. Rxd2 exd2 46. Bg4 Kg7 47. Ke5 Bd8 48. Ke6 Kg6 49. Bd1 Kg7 50. b4 Bg5 51. Kd6 Bd8 52. h4 Kf6 53. h5 Bb6 54. Bc2 Bd8 55. Bd1 Bb6 1/2-1/2